000 00605nam a2200241Ia 4500
001 16165
003 GE_BSU
008 181216s||||||||xx |||||||||||||| ||und||
020 _a9780857775580
040 _cGE_BSU
080 _a811.111+338.48
100 _aEvans,Virginia. Dooley,Jenny. Garza Veronika
245 _aTourism:Book1.Book2.Book3
260 _aNewbury
260 _bExpress Publishing
260 _c2011
300 _a127p.ill.30cm.
541 _h24Gel.94T.
653 _aTourism
653 _aინგლისური ენა
653 _aტურიზმი
942 _cBK
999 _c49251
_d49251